00489nam a2200157Ia 450000500170000000800410001708200130005810000230007124500620009426000290015630000120018565000180019794200060021595200950022199900150031620241008053933.0240331s9999 xx 000 0 und d bGOOa820 aGoonetileke, H.A.I 0aLanka, their Lanka :bcameos of Ceylon through other eyes aNew DelhibNavrangc1984 a69 p ., aShort Stories cL 001040708LaWERCLbWERCLcSSCd2024-03-31l0o 820 GOOp5076r2024-03-31w2024-03-31yL c3175d3175